La Unión Soviética y Centroamérica /
La Unión Soviética y América Central, han estado muy poco vinculados diplomáticamente, salvo Costa Rica, país que ha logrado mantener importantes relaciones políticas, diplomáticas y comerciales en procura de mejorar sus condiciones de vida. Se sintetizan la evolución histórica de estos lazos desde...
Uloženo v:
| Hlavní autor: | |
|---|---|
| Médium: | Text |
| Témata: | |
| Tagy: |
Přidat tag
Žádné tagy, Buďte první, kdo vytvoří štítek k tomuto záznamu!
|
MARC
| LEADER | 00000 a a2200000 04500 | ||
|---|---|---|---|
| 001 | 356 | ||
| 003 | |||
| 040 | |||
| 100 | |a Rojas Aravena, Francisco | ||
| 245 | |a La Unión Soviética y Centroamérica / |c Francisco Rojas Aravena | ||
| 520 | |a La Unión Soviética y América Central, han estado muy poco vinculados diplomáticamente, salvo Costa Rica, país que ha logrado mantener importantes relaciones políticas, diplomáticas y comerciales en procura de mejorar sus condiciones de vida. Se sintetizan la evolución histórica de estos lazos desde inciios de siglo hasta el presente, dando énfasis a los años 80, cuando la URSS se vincula más a la región debido a sus relaciones con Nicaragua. Se destaca la figura pacífica de Gorbachov en procura de mantener la ayuda a estos países, caracterizado por su política de perestroika, la cual, le ha permitido ampliar su radio de acción no solo a nivel centroamericano, sino también en el ámbito centroamericano. /EL | ||
| 650 | |a RELACIONES INTERNACIONALES | ||
| 650 | |a POLITICA EXTERIOR | ||
| 650 | |a HISTORIA | ||
| 650 | |a ARMAMENTISMO | ||
| 650 | |a REVOLUCION | ||
| 650 | |a AYUDA ECONOMICA | ||
| 650 | |a PERESTROIKA | ||
| 773 | |g número 112; páginas 5-7 | ||
| 999 | |c 30523 |d 30523 | ||
| 773 | 0 | |0 42391 |9 3618 |a Agencia Latinoamericana de Información, ALAI |d Quito, Ecuador: ALAI |o 06904 |t ALAI: |x 08275564 (Servicio mensual de información y documentación) | |
